000 01154cam a22003373a 4500
001 2251
003 FISKH
005 20231113161151.0
008 991207s1999 nyua j 000 1 eng d
010 _a 2002536700
020 _a0590108433 :
020 _a078073003990
040 _aUPZ
_cUPZ
_dDLC
_beng
050 _aPZ7.A1587
082 _a813.54
100 1 _aAbbott, Tony,
_d1952-
245 1 4 _aThe great ice battle /
_cby Tony Abbott ; illustrated by Tim Jessell.
260 _aNew York :
_bScholastic,
_c1999.
300 _a87 pages :
_billustrations ;
_c20 cm
440 _aThe secrets of droon
_vBook 5
505 _aG
520 _aJaffa City is frozen under the spell of Lord Sparr. Eric, Julie, and Neal join with Princess Keeah to battle the enemy in the biggest snowball fight of all time!
521 8 _a420
_bLexile
521 8 _aG
_bRaz-Plus
650 0 _aDroon (Imaginary place)
_vJuvenile fiction.
650 0 _aBlessing and cursing
_vJuvenile fiction.
655 7 _aFantasy fiction.
_2gsafd
700 1 _aJessell, Tim.
_eillustrator
906 _a7
_bcbc
_ccopycat
_d2
_encip
_f20
_gy-genrareb
942 _2ddc
_cBK
_n0
999 _c2251
_d2251